Quizzes
Events
Quiz Creation
Community
Videos
Private Events
Remove Ads
Sign In
Join for FREE
Feedback
Dark Mode
Quiz Categories
Sports
Geography
Music
Movies
Television
Just For Fun
Miscellaneous
History
Literature
Language
Science
Gaming
Entertainment
Religion
Holiday
For Kids
Quiz Lab
Recent
Popular Today
Quiz Kudos Today
Editor Picks
Curator Picks
Quizzes by...
Day
Popularity
Type
Ratings
Length
Year
Community
Subscriptions
Recent Discussions
Orange Saloon
Badges
Playlists
Quests
Create
Leaderboards
Showdown
Live 5
Trivia Bingo
Activity
Puzzle Library
Sporcle Events
Private Events
Virtual Trivia
Globe League
Become a Host
Pub Owners
SporcleCon
Opinionation
Our Games
Videos
Blog
Mobile Apps
Partnerships
Remove Ads and Go Orange
Feedback
Sports
Athletes
MLB
NBA
NHL
NFL
Soccer
Sports Teams
WWE
NCAA
Football
Premier League
Basketball
Baseball
Hockey
Golf
Tennis
Cricket
Rugby
Auto Racing
Olympics
World Cup
Sports
Athletes
MLB
NBA
NHL
NFL
Soccer
Sports Teams
WWE
NCAA
Football
Premier League
Basketball
Baseball
Hockey
Golf
Tennis
Cricket
Rugby
Auto Racing
Olympics
World Cup
Random Quiz
Search Sporcle
×
Quiz Lab
Quiz Lab
Sports
Numbers
Type in answers that appear in a list
Type in answers that appear in a list
Classic
Best Score? Go Orange.
All time female alpine ski World Cup stage winners Stats
Can you name the All time female alpine ski World Cup stage winners ?
By
srpskisposovic
5m
29 Questions
146 Plays
146 Plays
146 Plays
Comments
Comments
Give Quiz Kudos
Give Quiz Kudos
-
- Ratings
hide this ad
More Info
Replay
Link that replays current quiz
Next Quiz
Link to next quiz in quiz playlist
You Got
0%
They Got
Avg Score
52%
Avg Friend Score
Upgrade to see
Score Distribution
Jump to the score distribution portion of the page
Score
0/29
Timer
05:00
0
Plays Today
Number of victories
Athlete
% Correct
41
Lindsey Kildow
95.9%
30
Janica Kostelic
87.7%
55
Vreni Schneider
80.8%
42
Anja Paerson
79.5%
62
Annemarie Proell
73.3%
33
Hanni Wenzel
71.2%
20
Maria Riesch
71.2%
36
Katja Seizinger
69.2%
24
Pernilla Wiberg
68.5%
25
Michaela Dorfmeister
67.1%
46
Renate Goetschl
63.7%
14
Alessandra Meissnitzer
58.2%
16
Deborah Compagnoni
53.4%
29
Marlies Schild
50.7%
14
Martina Ertl
49.3%
Number of victories
Athlete
% Correct
26
Michela Figini
48.6%
20
Hilde Gerg
48.6%
16
Petra Kronberger
47.3%
25
Maria Walliser
45.9%
19
Anita Wachter
41.8%
31
Erika Hess
40.4%
15
Sonja Nef
39%
15
Isolde Kostner
38.4%
24
Marie-Therese Nadig
32.2%
22
Carole Merle
28.8%
18
Tamara McKinney
21.2%
14
Nancy Greene
19.2%
15
Perrine Pelen
13%
24
Lise-Marie Morerod
10.3%
Quiz Playlist
Details
Report
Send in Message
Add To Playlist
More Info:
At the end of 2010/2011 season
Classic:
Type in answers that appear in a list
Quiz Source
Last Updated: Feb 16, 2017
Quiz Scoreboard
CHALLENGE
Sign Up to Join the Scoreboard
Show All
Scores
Hide
Comments
May contain spoilers
Recently Published
Popular People in 1961
by mucciniale
History
6m
1-10 Letter E Words III
by El_Dandy
Language
2m
One Thing in Common: World Cities II
by knightlancer
Geography
7m
More to Explore
Quiz From the Vault
Featured Blog Post
Where Did the Easter Bunny Come From?
hide this ad
You Might Also Like...
Tags
Athletes Quiz
Numbers Quiz
World Quiz
alpine
cup
female
Nationality
ski
stage
Victory
Winner
Today's Top Quizzes in Sports
Browse Sports
hide this ad
Today's Top Quizzes in Numbers
Browse Numbers
Top Contributed Quizzes in Sports
1
2022 World Cup Stars
2
Les entraîneurs de l'OM et du PSG au 21e siècle
3
FIFA Club World Cup Champions
4
Criteria MLB: Left Handed Sluggers
5
Les meilleurs buteurs des matchs entre le PSG et l’OM
6
Name the Premier League winners with different clubs
7
Players with Multiple 50 Home Run Seasons
8
MLB Players with Two .350 Batting Average Seasons
9
La finale Lions - Afrique du Sud 2021
10
MLB Hall of Famer by Rings
Explore More
Trending Topics
Harry Potter
Marvel
Disney
NBA
Crossword
Anime
Kpop
Country
WWE
NFL
The Office
Pokémon
Puzzle
Song
Soccer
hide this ad
More By:
srpskisposovic
Quiz
Plays
Rating
Category
Featured
Created
All time male biathlon World Cup stage winners
613
3.00
Sports
Mar 22, 2011
All time female biathlon World Cup stage winners
579
3.67
Sports
Mar 21, 2011
All time nordic combined World Cup stage winners
350
4.00
Sports
Mar 23, 2011
All time male ski jumping World Cup stage winners
242
1.00
Sports
Mar 23, 2011
All time male alpine ski World Cup stage winners
184
Sports
Mar 23, 2011
Go to Creator's Profile
Score Distribution
Quiz Creator Spotlight
srpskisposovic
Follow
Send a Message
Quizzes Created
-
Created Quiz Play Count
-
More By This Creator
Popular Quizzes Today
1
Find the US States - No Outlines Minefield
2
The Countries of the World
3
Popular People in 1961
4
Find the Countries of Europe - No Outlines Minefield
5
1-10 Letter E Words III
6
Find the US States
7
One Thing in Common: World Cities II
8
US States
More Sports Quizzes
UEFA Nations League A: All-Time Top Scorers
Quiz Lab
Trending Quizzes
Country Music Stars Doing Things
Get the Picture: Carrie or Dolly
1-10 Letter F Words
1-10 Letter G Words
Risky Map Clicking: Next State Alphabetically
Recently Updated
Leaping Animals
pecheneg
Reality TV Shows (A-Z)
bhenderson79
Rickey Henderson's Hall of Fame Teammates
pecheneg
Champions League XIs: Arsenal
pecheneg
Quick Pick: Celebrities in WWE's Hall of Fame
aduchscher
A-Z Keypad Blitz II
pecheneg
Multiple Oscar Actors
pecheneg
Mystery Phrase Blitz: Oscar 'Best Actors'
pecheneg
F. Scott Fitzgerald Novels
LTH
Pick 3 Villains
ddd62291
Trending Topics
Anime
Crossword
Disney
Harry Potter
NBA
Marvel
Kpop
Country
Soccer
Song
WWE
NFL
Pokémon
The Office
Puzzle
Your Account Isn't Verified!
In order to create a playlist on Sporcle, you need to verify the email address you used during registration. Go to your
Sporcle Settings
to finish the process.
Report this User
Report this user for behavior that violates our
Community Guidelines
.
Details:
Send Report
Go to the Sporcle.com Mobile Site →
Comments